[Event "XXVII. Rhein-Main-Open, Gruppe B"]
[Site "Bad Homburg vor der Höhe"]
[Date "2025.06.21"]
[Round "5.18"]
[White "Jacobs, Thomas"]
[Black "Kesavan, Sarvesh"]
[Result "1-0"]
[WhiteElo "1801"]
[BlackElo "1691"]
[PlyCount "121"]
[EventDate "2025.06.18"]
[WhiteTeam "SV 1929 Raunheim"]
[BlackTeam "SK Bad Homburg 1927"]

1. c4 e5 2. Nc3 Nf6 3. Nf3 Nc6 4. g3 Bb4 5. Bg2 d6 6. O-O Be6 7. d3 O-O 8. Bd2 Qd7 9. Ng5 Bf5 10. Nd5 Bxd2 11. Qxd2 Nxd5 12. Bxd5 Nd8 13. Bg2 c6 14. d4 f6 15. Ne4 Rc8 16. dxe5 dxe5 17. Qe3 Bxe4 18. Bxe4 b6 19. Rfd1 Qe7 20. Rd2 Ne6 21. Bf5 Rc7 22. Bxe6+ Qxe6 23. b3 Rd7 24. Rad1 Rfd8 25. Rxd7 Rxd7 26. Rd3 Kf7 27. Qd2 Ke7 28. h4 h6 29. Qb4+ c5 30. Qd2 Rxd3 31. Qxd3 Qd6 32. Qf3 Qd7 33. Kg2 Kd6 34. Qd5+ Kc7 35. e4 a6 36. Kh2 Qc6 37. Qf7+ Qd7 38. Qd5 Qc6 39. f4 exf4 40. gxf4 Qd6 41. Kg3 b5 42. Qxd6+ Kxd6 43. h5 Ke6 44. cxb5 axb5 45. Kf3 Kd6 46. Ke3 Ke6 47. a4 c4 48. a5 cxb3 49. Kd2 Kd6 50. Kc3 Kc5 51. e5 fxe5 52. fxe5 Kd5 53. a6 Kc6 54. e6 Kc7 55. a7 Kb7 56. e7 Kxa7 57. e8=Q Ka6 58. Kxb3 Ka5 59. Qg6 b4 60. Qxg7 Kb5 61. Qxh6 1-0

[Event "XXVII. Rhein-Main-Open, Gruppe B"]
[Site "Bad Homburg vor der Höhe"]
[Date "2025.06.21"]
[Round "5.19"]
[White "Leopold, Dieter"]
[Black "Piacentino, Mirco"]
[Result "1/2-1/2"]
[WhiteElo "1818"]
[BlackElo "1623"]
[PlyCount "93"]
[EventDate "2025.06.18"]
[WhiteTeam "SK Königsspringer Wewels"]
[BlackTeam "SV 1934 Ffm-Griesheim"]

1. e4 c6 2. d4 d5 3. Nc3 dxe4 4. Nxe4 Nf6 5. Nxf6+ exf6 6. c3 Bd6 7. Bd3 O-O 8. Ne2 Qc7 9. Qc2 h6 10. h3 Re8 11. O-O Be6 12. f4 b5 13. a4 Qd7 14. f5 Bd5 15. Bd2 Qb7 16. Rae1 c5 17. Bxb5 Re7 18. Rf2 a6 19. Bd3 c4 20. Nf4 Rxe1+ 21. Bxe1 Bxf4 22. Rxf4 cxd3 23. Qxd3 Bxg2 24. Qg3 Bd5 25. Rg4 Kf8 26. Rxg7 Ke7 27. Qe3+ Kd6 28. Bg3+ Kc6 29. Qf4 Qd7 30. Rg8 Qe7 31. Rc8+ Kb6 32. Re8 Qd7 33. Rxb8+ Rxb8 34. Qxb8+ Bb7 35. Qd6+ Qxd6 36. Bxd6 Be4 37. Be7 Bxf5 38. Bd8+ Kc6 39. h4 Kd5 40. Kf2 Kc4 41. Ke2 Bg4+ 42. Kd2 Bd7 43. a5 f5 44. Bc7 Kb3 45. Kc1 h5 46. Be5 Be6 47. Bc7 1/2-1/2

[Event "XXVII. Rhein-Main-Open, Gruppe B"]
[Site "Bad Homburg vor der Höhe"]
[Date "2025.06.21"]
[Round "5.22"]
[White "Barthel, Bergit"]
[Black "Saar, Gabriel"]
[Result "1-0"]
[WhiteElo "1918"]
[BlackElo "1729"]
[PlyCount "87"]
[EventDate "2025.06.18"]
[WhiteTeam "SC Matt im Park Ffm"]
[BlackTeam "SG Wartturm Schaafheim"]

1. e4 e5 2. Nf3 Nc6 3. Nc3 Bb4 4. Nd5 Ba5 5. Bc4 Nf6 6. O-O d6 7. d3 Nxd5 8. exd5 Ne7 9. d4 exd4 10. Qxd4 O-O 11. Bd3 Ng6 12. b4 Bb6 13. Qc3 Bg4 14. Bb2 f6 15. Bxg6 hxg6 16. Nh4 g5 17. Nf3 Bxf3 18. Qxf3 Qd7 19. a4 a5 20. b5 Bc5 21. Rfe1 Rfe8 22. Qh5 Qf7 23. Qxf7+ Kxf7 24. Kf1 Rxe1+ 25. Rxe1 Re8 26. Rxe8 Kxe8 27. Ke2 Kd7 28. Bc3 b6 29. g4 Ke7 30. Bd2 Bd4 31. c3 Be5 32. h4 Bf4 33. Bxf4 gxf4 34. g5 fxg5 35. hxg5 Kf7 36. Kf3 Kg6 37. Kxf4 Kh5 38. Kf5 Kh4 39. g6 Kh5 40. Ke6 Kxg6 41. Kd7 Kf5 42. Kxc7 Ke5 43. Kxb6 Kxd5 44. Kc7 1-0

[Event "XXVII. Rhein-Main-Open, Gruppe B"]
[Site "Bad Homburg vor der Höhe"]
[Date "2025.06.21"]
[Round "5.23"]
[White "Bensberg, Arno"]
[Black "Graschdankin, Roman"]
[Result "0-1"]
[WhiteElo "1742"]
[BlackElo "1756"]
[PlyCount "48"]
[EventDate "2025.06.18"]
[WhiteTeam "SC Hilchenbach"]
[BlackTeam "SK Bad Homburg 1927"]

1. d4 d5 2. c4 e6 3. Nf3 a6 4. Qc2 dxc4 5. Qxc4 b5 6. Qc2 Bb7 7. e4 Nd7 8. Be3 Rc8 9. Nbd2 c5 10. Qd1 cxd4 11. Bxd4 Ngf6 12. e5 Nd5 13. a3 Bc5 14. Bxc5 Nxc5 15. Be2 Nf4 16. O-O O-O 17. Re1 Ncd3 18. Bxd3 Nxd3 19. Re3 Nxb2 20. Qb3 Nc4 21. Rd3 Nxd2 22. Nxd2 Qg5 23. Nf3 Bxf3 24. Rxf3 Rc1+ 0-1

[Event "XXVII. Rhein-Main-Open, Gruppe B"]
[Site "Bad Homburg vor der Höhe"]
[Date "2025.06.21"]
[Round "5.24"]
[White "Riazi, Dominik"]
[Black "Krombach, Karl-Heinz"]
[Result "1/2-1/2"]
[WhiteElo "1607"]
[BlackElo "1899"]
[PlyCount "76"]
[EventDate "2025.06.18"]
[WhiteTeam "SK Bad Homburg 1927"]
[BlackTeam "SC Hilchenbach"]

1. e4 c5 2. Nf3 Nc6 3. Bb5 d6 4. d4 cxd4 5. Qxd4 Bd7 6. Bxc6 Bxc6 7. Nc3 Nf6 8. Bg5 e5 9. Qd3 Be7 10. O-O-O O-O 11. Bxf6 Bxf6 12. Qxd6 Qb6 13. Nd5 Bxd5 14. Qxb6 axb6 15. Rxd5 Rxa2 16. Rhd1 Rfa8 17. c3 Ra1+ 18. Kc2 Rxd1 19. Rxd1 Ra4 20. Nxe5 Rxe4 21. Nd3 Kf8 22. Nb4 Bg5 23. Kd3 f5 24. Ra1 Re7 25. Ra8+ Kf7 26. Nd5 Re5 27. Nxb6 Rb5 28. Nc4 Rd5+ 29. Kc2 b5 30. Ne3 Bxe3 31. fxe3 g5 32. Ra5 Ke6 33. Ra6+ Ke5 34. Rh6 Rd7 35. Rb6 Rd5 36. Rh6 Rd7 37. Rb6 Rd5 38. Rh6 Rd7 1/2-1/2

[Event "XXVII. Rhein-Main-Open, Gruppe B"]
[Site "Bad Homburg vor der Höhe"]
[Date "2025.06.21"]
[Round "5.25"]
[White "Kostadinov, Emanuel"]
[Black "Lebermann, Hellmuth"]
[Result "0-1"]
[WhiteElo "1518"]
[BlackElo "1886"]
[PlyCount "64"]
[EventDate "2025.06.18"]
[WhiteTeam "SV 1920 Hofheim"]
[BlackTeam "SK Bad Homburg 1927"]

1. e4 e5 2. Nf3 d5 3. exd5 Bd6 4. Nc3 Nf6 5. Bc4 O-O 6. d3 Bg4 7. h3 Bh5 8. g4 Bg6 9. Bg5 Nbd7 10. Qd2 Re8 11. Ne4 Bxe4 12. dxe4 Nxe4 13. Bxd8 Nxd2 14. Nxd2 Raxd8 15. O-O-O Nb6 16. Bb3 a5 17. c4 Nd7 18. Ne4 Nc5 19. Nxd6 cxd6 20. Bc2 a4 21. h4 h6 22. h5 b5 23. b4 axb3 24. axb3 bxc4 25. bxc4 Rb8 26. Rdg1 f6 27. Rf1 Rb4 28. f4 Rxc4 29. g5 exf4 30. gxh6 Re2 31. hxg7 Rcxc2+ 32. Kb1 Nb3 0-1

[Event "XXVII. Rhein-Main-Open, Gruppe B"]
[Site "Bad Homburg vor der Höhe"]
[Date "2025.06.21"]
[Round "5.26"]
[White "Pichl, Johann"]
[Black "Nichols, Uwe"]
[Result "0-1"]
[WhiteElo "1705"]
[BlackElo "1793"]
[PlyCount "74"]
[EventDate "2025.06.18"]
[WhiteTeam "SK Bad Homburg 1927"]
[BlackTeam "SV Oberursel"]

1. d4 d5 2. Nf3 Nf6 3. c3 e6 4. Bf4 c5 5. e3 c4 6. Be2 Be7 7. h3 O-O 8. Nbd2 Nc6 9. O-O Bd6 10. Ne5 Bxe5 11. Bxe5 b5 12. Bh2 Bb7 13. Bf3 Re8 14. b3 e5 15. bxc4 dxc4 16. Bxc6 Bxc6 17. Bxe5 Ne4 18. Qc2 Nxd2 19. Qxd2 Rxe5 20. f3 Re7 21. Rab1 f5 22. Rfd1 Qd5 23. a3 Rd8 24. Re1 Qd6 25. Qb2 Qg3 26. Qf2 Qd6 27. Qb2 Rde8 28. Kf2 h5 29. Re2 h4 30. Rbe1 Qg3+ 31. Kf1 Bxf3 32. gxf3 Qxf3+ 33. Rf2 Qxh3+ 34. Rg2 Rxe3 35. Rxe3 Rxe3 36. Qxb5 Qh1+ 37. Rg1 Qf3# 0-1

[Event "XXVII. Rhein-Main-Open, Gruppe B"]
[Site "Bad Homburg vor der Höhe"]
[Date "2025.06.21"]
[Round "5.27"]
[White "Viraj Sarawgi"]
[Black "Shanmuganathan, Adhav"]
[Result "1/2-1/2"]
[WhiteElo "1475"]
[BlackElo "1719"]
[PlyCount "157"]
[EventDate "2025.06.18"]
[BlackTeam "SV 1934 Ffm-Griesheim"]

1. e4 e5 2. Nf3 Nc6 3. Bb5 a6 4. Ba4 d6 5. c3 Nf6 6. d3 b5 7. Bb3 Be7 8. h3 O-O 9. Nbd2 Bb7 10. O-O Nd7 11. Re1 Na5 12. Bc2 c5 13. Nf1 Nc6 14. Ng3 Re8 15. Nh2 Nf8 16. Ng4 Ng6 17. Nf5 Bc8 18. Qf3 Be6 19. Bb3 Nh4 20. Nxh4 Bxh4 21. Ne3 Ne7 22. Bc2 Rf8 23. Ng4 f5 24. exf5 Bxf5 25. g3 Bxg4 26. Qxg4 Bf6 27. Qh5 Qe8 28. Qxe8 Raxe8 29. a4 Rb8 30. f4 b4 31. Bb3+ Kh8 32. c4 Nc6 33. Be3 Rfd8 34. Rab1 exf4 35. Bxf4 Nd4 36. Bd1 g5 37. Be3 Re8 38. Kf2 Nf5 39. Bd2 Be5 40. Kf3 Rf8 41. Kg4 Bxg3 42. Rg1 Bf4 43. Bxf4 gxf4 44. Bf3 Ne3+ 45. Kh5 Rf5+ 46. Rg5 Rbf8 47. Re1 Rxg5+ 48. Kxg5 a5 49. Be4 Re8 50. Re2 d5 51. Bxd5 h6+ 52. Kg6 Re7 53. Bf3 Rg7+ 54. Kf6 Rg3 55. Bd5 Rxh3 56. Be4 f3 57. Rxe3 f2 58. Rxh3 f1=Q+ 59. Rf3 Qg1 60. Ke5 Qd4+ 61. Ke6 Qd8 62. Rf7 Qg8 63. Bh7 Qe8+ 64. Re7 Qxe7+ 65. Kxe7 Kxh7 66. Kf6 b3 67. Kf5 Kg7 68. Ke4 h5 69. d4 cxd4 70. Kxd4 Kf7 71. Ke5 h4 72. Kf4 Ke6 73. Kg4 h3 74. Kxh3 Kd6 75. Kg3 Kc5 76. Kf3 Kxc4 77. Ke2 Kd4 78. Kd2 Kc4 79. Ke3 1/2-1/2

[Event "XXVII. Rhein-Main-Open, Gruppe B"]
[Site "Bad Homburg vor der Höhe"]
[Date "2025.06.21"]
[Round "5.28"]
[White "Stiller, Harald"]
[Black "Li, Xiao Teng"]
[Result "1/2-1/2"]
[WhiteElo "1640"]
[BlackElo "1623"]
[PlyCount "40"]
[EventDate "2025.06.18"]
[BlackTeam "SK Bad Homburg 1927"]

1. d4 d5 2. c4 e6 3. Nc3 c6 4. Nf3 dxc4 5. e3 b5 6. a4 Bb4 7. Bd2 Bb7 8. axb5 Bxc3 9. Bxc3 cxb5 10. b3 a5 11. bxc4 b4 12. Bb2 Nf6 13. Bd3 O-O 14. O-O Nbd7 15. Re1 Ne4 16. Qc2 Ndf6 17. Rec1 Bc6 18. Ne5 Qd6 19. Nxc6 Qxc6 20. Ra4 Ra7 1/2-1/2

[Event "XXVII. Rhein-Main-Open, Gruppe B"]
[Site "Bad Homburg vor der Höhe"]
[Date "2025.06.21"]
[Round "5.29"]
[White "Fonseca, Luis"]
[Black "Smid, Marcel"]
[Result "1/2-1/2"]
[WhiteElo "1794"]
[BlackElo "1631"]
[PlyCount "50"]
[EventDate "2025.06.18"]
[WhiteTeam "Sabt Frankfurter TV 1860"]

1. Nf3 d5 2. g3 Nf6 3. Bg2 e6 4. O-O Be7 5. c4 O-O 6. d4 b6 7. Nc3 Bb7 8. Ne5 Nbd7 9. Nxd7 Qxd7 10. Bf4 Bd6 11. Bg5 Ne4 12. Nxe4 dxe4 13. c5 Be7 14. Bf4 Bf6 15. Qc2 Bd5 16. Rfd1 Qc6 17. Rac1 bxc5 18. Qxc5 Qxc5 19. Rxc5 c6 20. a3 g5 21. Bc7 Rfc8 22. Ba5 Rab8 23. Rd2 Rb5 24. Bb4 Rcb8 25. e3 Bg7 1/2-1/2

[Event "XXVII. Rhein-Main-Open, Gruppe B"]
[Site "Bad Homburg vor der Höhe"]
[Date "2025.06.21"]
[Round "5.30"]
[White "Henn, Jochen"]
[Black "Hofmann, Marco"]
[Result "1-0"]
[WhiteElo "1723"]
[BlackElo "1668"]
[PlyCount "27"]
[EventDate "2025.06.18"]
[WhiteTeam "SC Bad Nauheim"]
[BlackTeam "VSG 1880 Offenbach"]

1. e4 c5 2. c3 Nf6 3. e5 Nd5 4. d4 cxd4 5. Nf3 e6 6. cxd4 b6 7. a3 Be7 8. Bd3 O-O 9. h4 h6 10. Ng5 f6 11. Qh5 f5 12. Qg6 Re8 13. Qh7+ Kf8 14. Qh8# 1-0

[Event "XXVII. Rhein-Main-Open, Gruppe B"]
[Site "Bad Homburg vor der Höhe"]
[Date "2025.06.21"]
[Round "5.31"]
[White "Schmid, Herbert"]
[Black "Xu, Dorothea Sicheng"]
[Result "0-1"]
[WhiteElo "1796"]
[BlackElo "1484"]
[PlyCount "52"]
[EventDate "2025.06.18"]
[WhiteTeam "SK Wertheim"]
[BlackTeam "SK Bad Homburg 1927"]

1. Nf3 d5 2. g3 Nf6 3. Bg2 Bg4 4. d4 e6 5. Nbd2 Nbd7 6. O-O Bd6 7. c4 c5 8. cxd5 exd5 9. dxc5 Bxc5 10. Nb3 Bb6 11. Nfd4 O-O 12. h3 Bh5 13. Bf4 Re8 14. f3 h6 15. Kh2 Ne5 16. g4 Bg6 17. Bg3 Bc7 18. Nb5 Bb8 19. Rc1 Nc4 20. Qd4 Ne3 21. Rfe1 Bxg3+ 22. Kxg3 Qb8+ 23. Rc7 a6 24. Rec1 axb5 25. Qf4 Nxg2 26. e4 Nxf4 0-1

[Event "XXVII. Rhein-Main-Open, Gruppe B"]
[Site "Bad Homburg vor der Höhe"]
[Date "2025.06.21"]
[Round "5.32"]
[White "Müller, Jens"]
[Black "Nikonenko, Tymofii"]
[Result "1-0"]
[WhiteElo "1692"]
[BlackElo "1495"]
[PlyCount "79"]
[EventDate "2025.06.18"]
[WhiteTeam "SV 1920 Hofheim"]
[BlackTeam "SV Oberursel"]

1. e4 e5 2. Nf3 Nc6 3. Nc3 Bc5 4. Nxe5 Nxe5 5. d4 Bd6 6. dxe5 Bxe5 7. Bd3 Bxc3+ 8. bxc3 d6 9. Rb1 Ne7 10. O-O O-O 11. Bg5 Qd7 12. e5 Ng6 13. Bxg6 fxg6 14. Be3 b6 15. Qd5+ Qe6 16. Qxa8 Ba6 17. Qxa7 Bxf1 18. Rxf1 dxe5 19. Qxc7 Qxa2 20. Qxe5 Qxc2 21. Bd4 Rf7 22. Ra1 h6 23. Qe8+ Rf8 24. Qe6+ Kh7 25. Qe7 Rg8 26. h3 g5 27. Re1 b5 28. Qe4+ Qxe4 29. Rxe4 Rd8 30. Re7 Rg8 31. Rb7 b4 32. Rxb4 Kg6 33. Rb7 h5 34. Kf1 Kh6 35. Ke2 g6 36. Rb5 Rf8 37. Rb7 Rg8 38. Rb5 Rf8 39. Be3 Re8 40. Kf1 1-0

[Event "XXVII. Rhein-Main-Open, Gruppe B"]
[Site "Bad Homburg vor der Höhe"]
[Date "2025.06.21"]
[Round "5.35"]
[White "Pishnograev, Ilya"]
[Black "Benz, Jürgen"]
[Result "1/2-1/2"]
[WhiteElo "1615"]
[BlackElo "1676"]
[PlyCount "63"]
[EventDate "2025.06.18"]
[WhiteTeam "SK Bad Homburg 1927"]
[BlackTeam "SK Bad Homburg 1927"]

1. e4 c5 2. Nf3 Nc6 3. d4 cxd4 4. Nxd4 Qa5+ 5. Nc3 Nf6 6. f3 a6 7. Be3 e6 8. Qd2 Bb4 9. Nb3 Bxc3 10. bxc3 Qc7 11. Be2 O-O 12. O-O d5 13. e5 Nd7 14. f4 f6 15. Rf3 fxe5 16. Raf1 Nf6 17. Rh3 Ne4 18. Qe1 exf4 19. Qh4 h6 20. Rxf4 Rxf4 21. Bxf4 e5 22. Bg4 exf4 23. Nd4 Nxd4 24. cxd4 Qxc2 25. Qd8+ Kh7 26. Rxh6+ Kxh6 27. Qh4+ Kg6 28. Bh5+ Kf5 29. Bg4+ Kg6 30. Bh5+ Kf5 31. Bg4+ Kg6 32. Bh5+ 1/2-1/2

[Event "XXVII. Rhein-Main-Open, Gruppe B"]
[Site "Bad Homburg vor der Höhe"]
[Date "2025.06.21"]
[Round "5.36"]
[White "Peschk, Kathrin"]
[Black "Ghaznavi, Massoud"]
[Result "1-0"]
[WhiteElo "1640"]
[BlackElo "1655"]
[PlyCount "105"]
[EventDate "2025.06.18"]
[WhiteTeam "SV 1946 Groß-Gerau"]
[BlackTeam "SV Oberursel"]

1. e4 e5 2. Nf3 Nc6 3. Bc4 Bc5 4. c3 a6 5. d4 exd4 6. cxd4 Bb4+ 7. Bd2 Bxd2+ 8. Nbxd2 d6 9. O-O Bg4 10. Qb3 Na5 11. Qa4+ c6 12. Bd3 b5 13. Qc2 Rc8 14. Rfe1 Ne7 15. b4 Nb7 16. e5 d5 17. Rec1 h6 18. a4 O-O 19. h3 Be6 20. Nb3 Qb6 21. a5 Qa7 22. Nc5 Nd8 23. Nd2 f5 24. f4 Kh8 25. Nf3 Bg8 26. Qf2 Ne6 27. g3 Nxc5 28. dxc5 Rcd8 29. Nd4 Qd7 30. Re1 Be6 31. Ra2 Rg8 32. Rd2 g5 33. g4 gxf4 34. Qxf4 Kh7 35. Kh2 Rdf8 36. Rg2 Rf7 37. Rf1 Rfg7 38. Rff2 Rg5 39. gxf5 Rxg2+ 40. Rxg2 Rxg2+ 41. Kxg2 Bg8 42. f6+ Ng6 43. Bxg6+ Kxg6 44. Qg4+ Qxg4+ 45. hxg4 Kf7 46. Kf3 Bh7 47. Kf4 Bg6 48. Nxc6 Ke6 49. Nd4+ Kd7 50. e6+ Kd8 51. Ke5 Be4 52. Kd6 Bg2 53. f7 1-0

[Event "XXVII. Rhein-Main-Open, Gruppe B"]
[Site "Bad Homburg vor der Höhe"]
[Date "2025.06.21"]
[Round "5.37"]
[White "Neff, Oliver"]
[Black "Glavev, Victor"]
[Result "0-1"]
[WhiteElo "1706"]
[BlackElo "1443"]
[Annotator "thoma"]
[PlyCount "42"]
[EventDate "2025.06.18"]
[WhiteTeam "SG Wartturm Schaafheim"]
[BlackTeam "SK Bad Homburg 1927"]

{[%evp 0,33,16,-12,3,-9,-12,-42,-31,-22,50,13,13,1,-2,-3,21,3,23,-12,21,-19,31,40,59,42,86,62,82,39,29,25,50,44,48,36]} 1. e4 e5 2. Nf3 Nc6 3. d4 exd4 4. Nxd4 d5 5. Nxc6 bxc6 6. Bd3 Bc5 7. O-O d4 8. Qf3 Nh6 9. Bxh6 gxh6 10. Bc4 Qe7 11. Nd2 Be6 12. Bxe6 Qxe6 13. Qg3 O-O-O 14. Qd3 Rhg8 15. Nb3 Bb6 16. a4 c5 17. Qa6+ Kd7 18. a5 Rxg2+ 19. Kh1 Qh3 20. Nxc5+ Ke7 21. Qd3 Qxh2# 0-1

[Event "XXVII. Rhein-Main-Open, Gruppe B"]
[Site "Bad Homburg vor der Höhe"]
[Date "2025.06.21"]
[Round "5.39"]
[White "Kim, David"]
[Black "Kellermann, Friedrich"]
[Result "1/2-1/2"]
[WhiteElo "1578"]
[BlackElo "1625"]
[PlyCount "48"]
[EventDate "2025.06.18"]
[WhiteTeam "SV 1920 Hofheim"]
[BlackTeam "SC Hilchenbach"]

1. e4 e6 2. d4 d5 3. exd5 exd5 4. Nf3 Nf6 5. Nc3 Be7 6. Be2 O-O 7. O-O Bf5 8. Bf4 Nc6 9. h3 a6 10. a3 Na7 11. Be3 c6 12. Bd3 Bxd3 13. Qxd3 Re8 14. Rfe1 Qc7 15. Rad1 b5 16. Ne2 Bd6 17. Qd2 Ne4 18. Qc1 b4 19. axb4 Bxb4 20. c3 Bd6 21. Bf4 Nb5 22. Bxd6 Nbxd6 23. Nd2 Rab8 24. Nxe4 Nxe4 1/2-1/2

[Event "XXVII. Rhein-Main-Open, Gruppe B"]
[Site "Bad Homburg vor der Höhe"]
[Date "2025.06.21"]
[Round "5.42"]
[White "Lao, Theodora Siyuan"]
[Black "Lochmann, Tobias"]
[Result "1-0"]
[WhiteElo "1587"]
[BlackElo "1452"]
[PlyCount "25"]
[EventDate "2025.06.18"]
[WhiteTeam "SK Bad Homburg 1927"]
[BlackTeam "SV 1946 Groß-Gerau"]

1. e4 e5 2. Nf3 Nc6 3. Bc4 Nh6 4. Nc3 Bd6 5. d3 O-O 6. Bxh6 gxh6 7. O-O Na5 8. Bb3 b6 9. Qd2 Qf6 10. Nd5 Qd8 11. Qxh6 Re8 12. Nf6+ Kh8 13. Qxh7# 1-0

[Event "XXVII. Rhein-Main-Open, Gruppe B"]
[Site "Bad Homburg vor der Höhe"]
[Date "2025.06.21"]
[Round "6.1"]
[White "Ahrends, Norbert"]
[Black "Bremer, Vincent"]
[Result "1-0"]
[WhiteElo "1964"]
[BlackElo "1973"]
[PlyCount "205"]
[EventDate "2025.06.18"]
[WhiteTeam "SK 1980 Gernsheim"]
[BlackTeam "TSG 1846 Bretzenheim/ZMO"]

1. d4 b5 2. Nf3 Bb7 3. g3 e6 4. Bg2 c5 5. c3 cxd4 6. cxd4 Bb4+ 7. Nbd2 Nf6 8. O-O d5 9. a3 Be7 10. Nb3 Nc6 11. Bd2 Ne4 12. Be1 Nd6 13. Nc5 Qb6 14. e3 Rd8 15. Nd2 Nc4 16. Nxb7 Qxb7 17. b4 O-O 18. Nb3 Bd6 19. Bc3 f5 20. Qe2 Rf6 21. f3 Bb8 22. Nc5 Qf7 23. a4 bxa4 24. Rxa4 Qh5 25. Re1 Rh6 26. Bh1 Bxg3 27. f4 Qh3 28. Qg2 Qxg2+ 29. Bxg2 Bxe1 30. Bxe1 Nxe3 31. b5 Rg6 32. Bg3 Nxg2 33. Kxg2 Nb8 34. Rxa7 Kf8 35. Kf3 Re8 36. Rb7 Rf6 37. Rxb8 Rxb8 38. Nd7+ Ke7 39. Nxb8 Kd6 40. Na6 Rf7 41. Be1 h6 42. Bb4+ Kd7 43. Nc5+ Kc7 44. Ba5+ Kd6 45. Bb4 Kc7 46. Ba5+ Kd6 47. h4 g5 48. fxg5 hxg5 49. hxg5 e5 50. Bc3 Rg7 51. Bb4 exd4 52. Nd3+ Kc7 53. Ba5+ Kd6 54. Kf4 Rb7 55. b6 Kc6 56. Kxf5 Kb5 57. Bd2 Rxb6 58. g6 Rxg6 59. Kxg6 Kc4 60. Nf4 Kb3 61. Nxd5 Kc2 62. Bf4 d3 63. Ne3+ Kc3 64. Nf1 Kd4 65. Kf5 Kd5 66. Bd2 Kd4 67. Kf4 Kd5 68. Ke3 Ke5 69. Kxd3 Kd5 70. Ne3+ Kc5 71. Kc3 Kb5 72. Kd4 Kc6 73. Nd5 Kb5 74. Ne7 Kb6 75. Kd5 Kc7 76. Ba5+ Kb7 77. Bd8 Kb8 78. Kc6 Ka7 79. Nc8+ Ka8 80. Nb6+ Kb8 81. Bc7+ Ka7 82. Bd6 Ka6 83. Bb8 Ka5 84. Nd5 Ka4 85. Be5 Kb3 86. Ne3 Kb4 87. Kb6 Ka4 88. Bc3 Kb3 89. Bd2 Ka4 90. Kc5 Kb3 91. Kb5 Ka3 92. Kc4 Ka4 93. Nd1 Ka3 94. Bb4+ Ka2 95. Kc3 Kb1 96. Kb3 Kc1 97. Ne3 Kb1 98. Bd2 Ka1 99. Bc1 Kb1 100. Ba3 Ka1 101. Nd1 Kb1 102. Nc3+ Ka1 103. Bb2# 1-0

[Event "XXVII. Rhein-Main-Open, Gruppe B"]
[Site "Bad Homburg vor der Höhe"]
[Date "2025.06.21"]
[Round "6.2"]
[White "Reimer, Otto"]
[Black "Mühlpfordt, Werner"]
[Result "1/2-1/2"]
[WhiteElo "1912"]
[BlackElo "1958"]
[PlyCount "38"]
[EventDate "2025.06.18"]
[WhiteTeam "SK Bad Homburg 1927"]
[BlackTeam "SC 1997 Lambsheim"]

1. e4 c5 2. Nf3 d6 3. d4 cxd4 4. Nxd4 Nf6 5. Nc3 a6 6. Bd3 e5 7. Nde2 Be6 8. h3 Be7 9. O-O d5 10. exd5 Nxd5 11. Nxd5 Bxd5 12. Ng3 Nc6 13. Nf5 Bf6 14. c4 Be6 15. a3 Nd4 16. Ne3 g6 17. Rb1 Bg7 18. Be4 Rb8 19. Bd5 O-O 1/2-1/2

[Event "XXVII. Rhein-Main-Open, Gruppe B"]
[Site "Bad Homburg vor der Höhe"]
[Date "2025.06.21"]
[Round "6.3"]
[White "Negru, Maximilian"]
[Black "Kolker, Vladislav"]
[Result "1-0"]
[WhiteElo "1694"]
[BlackElo "1830"]
[PlyCount "77"]
[EventDate "2025.06.18"]
[WhiteTeam "SK Bad Homburg 1927"]
[BlackTeam "SC Bad Nauheim"]

1. e4 e5 2. Nf3 Nc6 3. Bc4 f5 4. d4 exd4 5. Ng5 Ne5 6. Qxd4 Nxc4 7. Qxc4 Nh6 8. O-O Be7 9. f4 fxe4 10. Nc3 c6 11. Qxe4 d5 12. Qe5 O-O 13. Ne6 Bxe6 14. Qxe6+ Kh8 15. Bd2 Bc5+ 16. Kh1 Qh4 17. Be1 Qh5 18. Qe2 Qxe2 19. Nxe2 Rae8 20. Ng3 Ng4 21. b4 Bd6 22. Bc3 Bxf4 23. Bxg7+ Kxg7 24. Nh5+ Kh6 25. Nxf4 Ne3 26. Rf2 Nxc2 27. Rxc2 Rxf4 28. b5 Rfe4 29. Kg1 Re1+ 30. Rxe1 Rxe1+ 31. Kf2 Re6 32. Kf3 Kg6 33. bxc6 bxc6 34. Rb2 c5 35. Rb5 Rc6 36. Kf4 Kf6 37. Rb7 c4 38. Rxh7 c3 39. Rh6+ 1-0

[Event "XXVII. Rhein-Main-Open, Gruppe B"]
[Site "Bad Homburg vor der Höhe"]
[Date "2025.06.21"]
[Round "6.4"]
[White "Fernandez Egea, Andres"]
[Black "Hensel, Roman"]
[Result "0-1"]
[WhiteElo "1849"]
[BlackElo "1779"]
[PlyCount "98"]
[EventDate "2025.06.18"]
[WhiteTeam "SF Frankfurt 1921"]
[BlackTeam "SV Oberursel"]

1. c4 c6 2. e4 d5 3. exd5 cxd5 4. d4 Nf6 5. Nc3 g6 6. c5 Bg7 7. Bb5+ Bd7 8. Bxd7+ Qxd7 9. Nge2 Nc6 10. O-O O-O 11. f4 b6 12. cxb6 axb6 13. b3 Ne4 14. Nb5 Rfc8 15. a4 Na7 16. Na3 b5 17. Nc2 bxa4 18. Rxa4 Rab8 19. Qd3 Rb7 20. Be3 Rcb8 21. Rfa1 Qb5 22. Qd1 Nc6 23. b4 e6 24. Na3 Qb6 25. b5 Ne7 26. g4 Bf8 27. Ra6 Qd8 28. Qd3 Nc8 29. Rb1 Bxa3 30. Rxa3 Ncd6 31. Rab3 Qh4 32. Bc1 Qxg4+ 33. Ng3 h5 34. Kf1 Nxg3+ 35. hxg3 Kg7 36. b6 Rh8 37. R3b2 Ne4 38. Rg2 h4 39. gxh4 Qxh4 40. Be3 Qh1+ 41. Bg1 Rh3 42. Qd1 Nc3 43. Qg4 Nxb1 44. f5 Rh4 45. Qg3 Qh3 46. Qe5+ Kg8 47. fxe6 Qd3+ 48. Re2 Nd2+ 49. Kf2 Ne4+ 0-1

[Event "XXVII. Rhein-Main-Open, Gruppe B"]
[Site "Bad Homburg vor der Höhe"]
[Date "2025.06.21"]
[Round "6.5"]
[White "Pichl, Johann"]
[Black "Klein, Simon"]
[Result "0-1"]
[WhiteElo "1705"]
[BlackElo "1587"]
[PlyCount "26"]
[EventDate "2025.06.18"]
[WhiteTeam "SK Bad Homburg 1927"]
[BlackTeam "SK Königsjäger Hungen"]

1. d4 d6 2. Nc3 Nd7 3. Bf4 e5 4. dxe5 dxe5 5. Bg3 Bb4 6. Qd2 Ngf6 7. Qg5 Bxc3+ 8. bxc3 O-O 9. Bxe5 Nxe5 10. Qxe5 Re8 11. Qd4 Qe7 12. O-O-O Be6 13. Kb2 Rad8 0-1

[Event "XXVII. Rhein-Main-Open, Gruppe B"]
[Site "Bad Homburg vor der Höhe"]
[Date "2025.06.21"]
[Round "6.6"]
[White "Beier, Martin"]
[Black "Schneider, Wolfram"]
[Result "0-1"]
[WhiteElo "1781"]
[BlackElo "1937"]
[PlyCount "54"]
[EventDate "2025.06.18"]
[WhiteTeam "SK Bad Homburg 1927"]
[BlackTeam "SK Bad Homburg 1927"]

1. e4 d5 2. exd5 Nf6 3. d4 Nxd5 4. c4 Nb6 5. Nf3 Bg4 6. c5 N6d7 7. Bc4 e6 8. O-O Be7 9. Qb3 Nc6 10. Bb5 Bxf3 11. Qxf3 Nxd4 12. Qxb7 O-O 13. Bxd7 Qxd7 14. Qe4 Bxc5 15. Rd1 f5 16. Qd3 Kh8 17. b4 Bb6 18. Bb2 Rad8 19. Nc3 e5 20. Qc4 f4 21. Ne2 f3 22. Nxd4 Qg4 23. Qf1 exd4 24. g3 Rfe8 25. Re1 Re2 26. h3 Qe4 27. Ba3 d3 0-1

[Event "XXVII. Rhein-Main-Open, Gruppe B"]
[Site "Bad Homburg vor der Höhe"]
[Date "2025.06.21"]
[Round "6.7"]
[White "Nikonenko, Hlib"]
[Black "Francke, Helmut"]
[Result "1/2-1/2"]
[WhiteElo "1667"]
[BlackElo "1875"]
[PlyCount "144"]
[EventDate "2025.06.18"]
[WhiteTeam "SV Oberursel"]
[BlackTeam "SC Bad Nauheim"]

1. e4 c5 2. Nf3 d6 3. d4 cxd4 4. Nxd4 Nf6 5. Nc3 g6 6. Be3 Bg7 7. f3 O-O 8. Qd2 Nc6 9. O-O-O d5 10. Nxc6 bxc6 11. Bc4 e6 12. h4 Qa5 13. Bb3 dxe4 14. Nxe4 Qxd2+ 15. Rxd2 Nd5 16. Bc5 Bh6 17. Bxf8 Bxd2+ 18. Kxd2 Kxf8 19. Bxd5 cxd5 20. Nc5 Ke7 21. b4 a5 22. a3 Kd6 23. f4 Bd7 24. Nb7+ Ke7 25. Nxa5 h5 26. Re1 Kf6 27. Re5 Bb5 28. Kc3 Bf1 29. g3 Bg2 30. Kb3 Rc8 31. Nb7 Ke7 32. Nc5 Bf1 33. a4 Bc4+ 34. Kc3 Bf1 35. Kd4 Bh3 36. c3 f6 37. Re1 Kd6 38. a5 Re8 39. a6 e5+ 40. fxe5+ fxe5+ 41. Kd3 Re7 42. Ra1 Ra7 43. Nb7+ Kc6 44. Nc5 Kb6 45. Re1 Re7 46. Kd2 Bf5 47. Ra1 Ra7 48. Re1 Re7 49. Nd3 Bxd3 50. Kxd3 Kxa6 51. Rf1 Re6 52. c4 e4+ 53. Kd4 dxc4 54. Kxc4 e3 55. Kd3 Kb5 56. Re1 Kxb4 57. Rxe3 Rd6+ 58. Ke4 Kc4 59. Kf4 Kd4 60. Re1 Ra6 61. Kg5 Ra3 62. Kxg6 Rxg3+ 63. Kxh5 Kd5 64. Kh6 Kd6 65. h5 Kd7 66. Kh7 Rg2 67. h6 Rg3 68. Kh8 Rg2 69. h7 Rg3 70. Ra1 Ke7 71. Ra8 Kf7 72. Rg8 Rf3 1/2-1/2